| 000 | 00778nam a22002057a 4500 | ||
|---|---|---|---|
| 005 | 20230703094816.0 | ||
| 008 | 230703b ||||| |||| 00| 0 eng d | ||
| 040 | _cAL | ||
| 041 | _amal | ||
| 082 |
_223 _a894.8123 _bVAIH |
||
| 100 |
_aMoyinkutry Vaidyar: മോയിൻകുട്ടി വൈദ്യർ _9125258 |
||
| 245 |
_aHusnuljamal: Childrens Story: _bഹുസ്നുല്ജമാൽ |
||
| 260 |
_aCalicut _bHuda Book _c1987 |
||
| 300 |
_a50p. _bPB _c21x13cm. |
||
| 365 | _2Malayalam | ||
| 650 |
_aMalayalam Fiction: മലയാളം ഫിക്ഷൻ _9125259 |
||
| 650 |
_aMalayalam Novel: മലയാളം നോവൽ _9125260 |
||
| 700 |
_aVAIDYAR (Moinkutty): വൈദ്യർ (മോയിൻകുട്ടി) _9125261 |
||
| 942 |
_2ddc _cDB |
||
| 999 |
_c227728 _d227728 |
||